00950nam a2200289Ia 450000500170000000800410001702000250005804000190008304100120010208200150011410000170012924500870014625000110023326000540024430000160029844000350031450400360034963000220038563000300040763000240043765000280046165100250048985000100051494200070052499900160053195201130054720230621114832.0131103s9999 xx 000 0 und d a333985893cGBP 17.99 aLoreto College aEnglish a940.5bMAR aMarks, Sally 4aThe illusion of peaceb International relations in Europe, 1918-1933 cSally Marks a2nd ed aHoundmill, Basingstoke, HampshirebPalgravec2003 a214pb maps aThe making of the 20th century aIncludes bibliography and index aEurope, 1918-1945 aEurope, Foreign Relations aWorld War 1914-1918 aInternational Relations aTreaty of Versailles aLCLIB cBK c7581d58060 00102ddc4070aMAINbMAINd2013-11-04l4o940.5 MAR 43760pB7453r2019-12-09s2019-12-09w2013-11-04yBKf